Böhm Károly nyomában. Joó Tibor könyve.
Elmentve itt :
| Szerző: | |
|---|---|
| Adatforrás: | Philobibl |
| Forrásdokumentuma: | Nyugat 1931., 477-478. p. |
| Dokumentumtípus: | Cikk |
| Nyelv: | magyar |
| LEADER | 00282nab a2200097 c 4500 | ||
|---|---|---|---|
| 001 | bibDOK00022355 | ||
| 005 | 20200924121637.5 | ||
| 008 | 060518s1931 xx hun | ||
| 100 | 1 | |a Barta János | |
| 245 | 1 | 0 | |a Böhm Károly nyomában. Joó Tibor könyve. |c Barta János |
| 773 | 0 | |t Nyugat |g 1931., 477-478. p. | |